| 000 | 00598nam a22001937a 4500 | ||
|---|---|---|---|
| 003 | OSt | ||
| 008 | 260624b |||||||| |||| 00| 0 eng d | ||
| 020 | _a9781041119449 | ||
| 082 |
_a920.02 _bR86I |
||
| 245 | _aThe international who's who /by Routledge | ||
| 250 | _a89th. ed. | ||
| 260 |
_aNew York: _bRoutledge, _c2025. |
||
| 300 | _aMisc. | ||
| 500 | _a02 Vol. set; Vol. 1 (A-K) Vol. 2 (L-Z) | ||
| 650 | _aHistory and Geography | ||
| 650 | _aGeneral biographical dictionaries by period or place / International collections | ||
| 700 | _aRoutledge | ||
| 942 |
_2ddc _cBK |
||
| 999 |
_c52271 _d52271 |
||